Komplo teorileri 4 (Kayıt no. 8425)

MARC ayrıntıları
000 -BAŞLIK
Sabit Uzunlukta Kontrol Alanı 01080na a2200337 4500
001 - KONTROL NUMARASI
Denetim Alanı 23299
003 - KONTROL NUMARASI IDENTIFIER
Denetim Alanı MIRAKIL
005 - SON İŞLEM TARİHİ VE ZAMANI
Denetim Alanı 20181213155212.0
008 - SABİT-BOY VERİ ELEMANLARI - GENEL BİLGİLER
Sabit Uzunlukta Kontrol Alanı 170905b tu 000 0
020 ## - ULUSLARARASI STANDART KİTAP NUMARASI
Uluslararası Standart Kitap Numarası 9786059331074
035 ## - SİSTEM KONTROL NUMARASI
Sistem Kontrol Numarası 15636
040 ## - KATALOGLAMA KAYNAK
Orijinal Kataloglama Ajansı Milas
Kataloglama Dili tur
Metne Dönüştürmek Ajansı TR-AnCHP
041 ## - DİL KODU
Metin / Ses Parça Veya Ayrı Başlığın Dil Kodu tur
082 ## - DEWEY ONLU SINIFLANDIRMA NUMARASI
Sınıflandırma Numarası 320.9561
Ürün Numarası M97k 2016
090 ## - SINIFLAMA NUMARASI
Sınıflama Numarası 320.9561 M97k 2016
100 ## - ANA GİRİŞ - KİŞİSEL İSİM
Kişisel Ad Mütercimler, Erol
245 ## - BAŞLIK TABLOSU
Başlık Komplo teorileri 4
Başlığın Kalan İsyanlar, ihtilaller, darbeler
Sorumluluk Tablosu, Vb Erol Mütercimler
246 ## - UNVAN FORM VARYING
Başlık Doğru / Kısa Başlığı İsyanlar, ihtilaller, darbeler
260 ## - YAYIN, DAĞITIM, VB
Yayın, Dağıtım, Vb Yeri İstanbul
Yayıncı, Dağıtıcı, Vs Adı Asi Kitap
Yayın, Dağıtım, Vb Tarihi 2016
Üretici Firma İnkılap Kitabevi Matbaacılık
300 ## - FİZİKSEL TANIM
Kapsam 618 s.
Boyutlar 23 sm.
440 ## - SERİSİ TABLOSU / KATMA GİRİŞİ - BAŞLIK
Başlık Asi kitap
Hacim / Ardışık Tanımı 34
490 ## - SERİSİ TABLOSU
Seri Beyanı Araştırma
Hacim / Ardışık Tanımı 21
504 ## - KAYNAKÇA VB NOT
Kaynakça Vb Notu Kaynakça var.
650 ## - KONU KATMA GİRİŞ - TOPİKAL DÖNEM
Topikal Süreli Veya Coğrafi Ad Giriş Elemanı Toplumsal olaylar
Genel Alt Bölümü Gezi Parkı Olayları
650 ## - KONU KATMA GİRİŞ - TOPİKAL DÖNEM
Topikal Süreli Veya Coğrafi Ad Giriş Elemanı 15 Temmuz darbe girişimi
Coğrafi Alt Bölümü Türkiye
650 ## - KONU KATMA GİRİŞ - TOPİKAL DÖNEM
Topikal Süreli Veya Coğrafi Ad Giriş Elemanı Askeri darbeler
Genel Alt Bölümü 12 Eylül 1980
Coğrafi Alt Bölümü Türkiye
650 ## - KONU KATMA GİRİŞ - TOPİKAL DÖNEM
Topikal Süreli Veya Coğrafi Ad Giriş Elemanı Askeri darbeler
Genel Alt Bölümü 27 Mayıs 1960
Coğrafi Alt Bölümü Türkiye
650 ## - KONU KATMA GİRİŞ - TOPİKAL DÖNEM
Topikal Süreli Veya Coğrafi Ad Giriş Elemanı Siyasal tarih
Genel Alt Bölümü Askeri darbeler
Coğrafi Alt Bölümü Türkiye
740 ## - KATMA GİRİŞ - KONTROLSUZ İLGİLİ / ANALİTİK BAŞLIK
Kontrol Edilmeyen / İlgili Analitik Başlıktaki İsyanlar, darbeler, ihtilaller
942 ## - EKLENDİ GİRİŞ ELEMANLARI (KOHA)
Sınıflandırma Veya Raf Düzeni Kaynak Dewey Decimal Classification
Koha Öğesi Türü Kitaplar
999 ## - SİSTEM KONTROL NUMARALARI (KOHA)
Koha Biblionumber 8425
Koha Biblioitemnumber 8425
Mevcut
Kalıcı Konum Mevcut Konum Edinme Tarihi Edinim Kaynak Toplam Check-Out'Lar Toplam Yenileme Tam Çağrı Numarası Barkod Kontrol Edildi Tarih Son Görülme Tarihi Geçen Teslim İtibaren Geçerli Fiyatlar Koha Öğesi Türü
CHP Kütüphanesi CHP Kütüphanesi 09/05/2017 Bağış 1 3 320.9561 M97k 2016 017285 09/19/2019 06/28/2019 06/28/2019 09/05/2017 Kitaplar